| 000 | 00450nam a2200157 4500 | ||
|---|---|---|---|
| 001 | 127944 | ||
| 003 | ES-MaACL | ||
| 005 | 20230906193126.0 | ||
| 007 | t| | ||
| 008 | 070214s1924 ag r ||||1| spa d | ||
| 100 | 1 |
_aRivero Astengo, Agustín P. _997691 |
|
| 245 | 1 | 0 |
_aFronda otoñal _b: (poesías) / _cAgustín P. Rivero Astengo. |
| 260 |
_aBuenos Aires : _bJ. Claramonte, _c1924. |
||
| 300 |
_a76 p. ; _c18 x 12 cm. |
||
| 852 |
_aES-MaACL _jF-4766 |
||
| 999 |
_c127944 _d127944 |
||